000 00420nam a2200145Ia 4500
008 100415s9999 xx 000 0 und d
082 _b11084
_a595.7054
100 _aEdwards Peter J
245 _aEcology of Insects-Plant Interactions
260 _aLONDON
_c1980
_bEDWARD ARNOLD
365 _b0
630 _aEcology of Insects-Plant Interactions
730 _aEcology of Insects-Plant Interactions
942 _cBOOK
999 _c594007
_d594004